Welcome to CU Library Online Public Access Catalogue (OPAC)

City rules : (Record no. 9025)

MARC details
000 -LEADER
fixed length control field 00916cam a22002534a 4500
001 - CONTROL NUMBER
control field 16842672
005 - DATE AND TIME OF LATEST TRANSACTION
control field 20260313150716.0
008 - FIXED-LENGTH DATA ELEMENTS--GENERAL INFORMATION
fixed length control field 110624s2012 dcuab b 001 0 eng
020 ## - INTERNATIONAL STANDARD BOOK NUMBER
International Standard Book Number 9781597266918
Qualifying information cloth : alk. paper
020 ## - INTERNATIONAL STANDARD BOOK NUMBER
International Standard Book Number 1597266914
Qualifying information cloth : alk. paper
020 ## - INTERNATIONAL STANDARD BOOK NUMBER
International Standard Book Number 9781597266925
Qualifying information pbk. : alk. paper
020 ## - INTERNATIONAL STANDARD BOOK NUMBER
International Standard Book Number 1597266922
Qualifying information pbk. : alk. paper
050 00 - LIBRARY OF CONGRESS CALL NUMBER
Classification number HT167
Item number .T34 2012
082 00 - DEWEY DECIMAL CLASSIFICATION NUMBER
Classification number 307.1/2160973
Edition information 23
100 1# - MAIN ENTRY--PERSONAL NAME
Personal name Talen, Emily,
Dates associated with a name 1958-
245 10 - TITLE STATEMENT
Title City rules :
Remainder of title how regulations affect urban form /
Statement of responsibility, etc. Emily Talen ; [foreword by Andrés Duany].
260 ## - PUBLICATION, DISTRIBUTION, ETC.
Place of publication, distribution, etc. Washington, DC :
Name of publisher, distributor, etc. Island Press,
Date of publication, distribution, etc. c2012.
300 ## - PHYSICAL DESCRIPTION
Extent xiii, 236 p. :
Other physical details ill. (chiefly col.), maps (chiefly col.) ;
Dimensions 26 cm.
650 #0 - SUBJECT ADDED ENTRY--TOPICAL TERM
Topical term or geographic name entry element City planning
Geographic subdivision United States.
650 #0 - SUBJECT ADDED ENTRY--TOPICAL TERM
Topical term or geographic name entry element City planning and redevelopment law
Geographic subdivision United States.
650 #0 - SUBJECT ADDED ENTRY--TOPICAL TERM
Topical term or geographic name entry element Zoning law
Geographic subdivision United States.
700 1# - ADDED ENTRY--PERSONAL NAME
Personal name Duany, Andres.
942 ## - ADDED ENTRY ELEMENTS (KOHA)
Source of classification or shelving scheme Library of Congress Classification
Koha item type Books
Suppress in OPAC No
999 ## -
-- 9025
-- 9025
Holdings
Withdrawn status Lost status Source of classification or shelving scheme Damaged status Not for loan Collection Home library Current library Shelving location Date acquired Total checkouts Full call number Barcode Date last seen Copy number Price effective from Koha item type
    Library of Congress Classification     Non-fiction Business Library (Miotso) Business Library (Miotso) General stacks 03/11/2026   HT167 .T34 2012 BSSM00002742 03/13/2026 1 03/11/2026 Books
© 2023-2024 Copyright: Central University Libraries. All Rights Reserved | Created by: Mahone Tech Office